Quiz o Polsce - Statystyki

Ogólne statystyki
  • Ten quiz został rozwiązany 54 razy
  • Średni wynik to 7 z 12
Statystyki odpowiedzi
Pytanie Odpowiedź % Poprawnych
Obecny prezydent Polski to... Andrzej Duda
100%
Polska jest podzielona na __ województw 16
94%
Najdłuższa rzeka to _____ Wisła
94%
A najwyższy szczyt to ____ Rysy
90%
Najbardziej utytułowany aktywny skoczek narciarski z Polski to Kamil Stoch
78%
W jakim mieście Tadeusz Kościuszko złożył przysięgę: „Ja, Tadeusz Kościuszko, przysięgam w obliczu Boga całemu Narodowi Polskiemu, iż powierzonej mi władzy na niczyj prywatny ucisk nie użyję, lecz jedynie jej dla obrony całości granic, odzyskania samowładności Narodu i ugruntowania powszechnej wolności używać będę. Tak mi Panie Boże dopomóż i niewinna męka Syna Jego” Kraków
76%
Stolica województwa podkarpackiego Rzeszów
76%
Znany dowódca wojskowy, zasłynął z taktyki wojny szarpanej przeciw Szwedom. Jest on wspomniany w 3 zwrotce hymnu Stefan Czarniecki
60%
1 z najpotężniejszych rodów książęcych w Polsce. Czartoryscy
22%
Pierwszy Polak w kosmosie Mirosław Hermaszewski
18%
Pierwszy Polak w NBA to ______ Cezary Trybański
14%
Miasto nazywane Polskim biegunem ciepła Tarnów
12%
Nie znaleziono quizów pasujących do podanych kryteriów
Rozkład punktacji
Procent ludzi z każdym wynikiem
Percentyl według liczby udzielonych odpowiedzi
Twoja historia wyników
Nie rozwiązałeś tego quizu